002460000a220007300045001000020000002450066000203000039000867730047001251 aTaylor, J. Glen10aA response to Steve A. Wiggins, Yahweh : The God of the sun? aNúm 71 (1996), Páginas 107-1190 tJournal for the Study of the Old Testament